000 01181cam a2200373 ab4500
999 _c1836
_d1836
001 1624276
003 OSt
005 20230202102703.0
008 190919s2017 enka a 000 1 eng d
020 _a9781408345566
_q(hbk.) :
040 _aTAE
_beng
_cTAE
_eaacr2
_dKH8
041 0 _aeng
042 _anbic
082 0 _a398.8 AND
100 1 _aAndreae, Giles,
_d1966-
_eauthor
245 1 0 _aI love my dinosaur /
_cGiles Andreae & Emma Dodd.
246 3 0 _aDinosaur.
260 _aLondon :
_bOrchard,
_cc2017.
300 _a[24] p. :
_bchiefly col. ill. ;
_c28 cm.
490 1 _aI love my.
500 _aFirst published: 2017.
520 _aA small boy and his dinoasur do everything together from snuggling up at bedtime to spending time at school.
650 0 _aBoys
_vJuvenile fiction.
650 0 _aDinosaurs
_vJuvenile fiction.
650 0 _aHuman-animal relationships
_vJuvenile fiction.
650 0 _aPets
_vJuvenile fiction.
650 0 _aSchools
_vJuvenile fiction.
650 1 _aDinosaurs
_vFiction.
650 1 _aFriendship
_vFiction.
650 1 _aStories in rhyme.
700 1 _aDodd, Emma,
_d1969-
_eauthor
830 0 _aI love my.
942 _2ddc
_cNFIC